| 000 | 01289njm a2200325Ia 4500 | ||
|---|---|---|---|
| 001 | A7963 | ||
| 003 | IT-RoPAU | ||
| 005 | 20220918181147.0 | ||
| 008 | 131025s9999 xx 000 0 und d | ||
| 040 | _aIT-RoPAU | ||
| 040 | _cIT-RoPAU | ||
| 041 | _aITALIANO | ||
| 999 |
_c101725 _d101725 |
||
| 999 | _bn.d. | ||
| 100 |
_aLafonte Bernardo _923349 |
||
| 100 |
_eAutore musica _928350 |
||
| 100 |
_gCodice autore musica SPICS: 13067 _923351 |
||
| 245 | _aCanti per la missione | ||
| 250 | _a1a ed. | ||
| 260 | _aROMA | ||
| 260 |
_bPP.OO.MM. OPERA PROP. DELLA FEDE _c1992 [1a Ed.:1992 - Ed. Lingua Orig.: 1992] |
||
| 300 | _aMUSICASSETTA | ||
| 300 | _c36 minuti (Testo: 0 pag.) | ||
| 500 | _aMusica religiosa. Canti per la missione. | ||
| 505 | _aPreghiera universale - L'amore che hai per noi - Solo l'amore - Offertorio - Nel tuo dolore - Gesù è l'amico - Gloria a Gesù - La strada della missione - Invocazione per la S. Chiesa - Verrà il giorno | ||
| 650 |
_aRELIGIOSO [CASSETTE] _eCodice MATERIA SPICS: 9951 _9785 |
||
| 700 |
_aLafonte Bernardo _eAutore testo e musica _gCodice autore testo/musica SPICS: 13067 _928351 |
||
| 700 |
_aLota' Francesca _eAutore _gCodice Autore SPICS: 22348 _928352 |
||
| 700 |
_aLotà Francesca _gCodice interprete SPICS: 22348 _eInterprete _928353 |
||
| 942 |
_cMC _2ddc |
||